000
00307nam a2200121Ia 4500
008
220217s9999||||xx |||||||||||||| ||und||
082
_a
894.814 3 KUV
100
_a
Kuvempu
245
0
_a
Swami vivekananda
260
_a
Sri Ramakrishna Ashrama
_b
Mysore
_c
2002
300
_b
35
650
_a
GENERAL BOOKS
999
_c
172958
_d
172958